00468 2200193 4500001002100000005001500021035002000036007000300056008004100059020001800100082000800118084001800126100002100144245002300165260003600188300001800224990001600242990001600258INLIS00000000000232620260307095600 a0010-0326000274ta260307 g 0 ind  a9786232936997 a811 a811 ACE g.c.10 aAcep Zamzam Noor1 aGema tanpa Sahutan aYogyakarta :bDiva Press,c2022 a95 ;c19.5 cm a2026/P/0326 a2026/H/0326